|
|
|
|
| LEADER |
00000nab a2200000 a 4500 |
| 001 |
vtls000811917 |
| 003 |
SK-MaSNL |
| 005 |
20260303072818.0 |
| 008 |
040806c2002 xo 0 slo |
| 015 |
|
|
|a SNBRB2002/11-34156
|
| 035 |
|
|
|a CLN000163572
|
| 040 |
|
|
|a SNKBUCL
|b slo
|c SNKBUCL
|e AACR2
|
| 041 |
0 |
|
|a slo
|
| 044 |
|
|
|a xo
|c SK
|
| 080 |
|
|
|a 798.44.093.1
|2 UDC-MRF-SK2
|
| 245 |
0 |
0 |
|a Po vlaňajšku opäť triumf Gehma
|b víťazom 112. veľkej pardubickej steeplechase Maskul
|
| 611 |
1 |
7 |
|a Veľká pardubická steeplechase cross-country
|d 2002
|2 snkbucl
|9 1073645
|
| 650 |
0 |
7 |
|a jazdectvo
|x dostihy prekážkové
|2 snkbucl
|9 863562
|
| 655 |
|
7 |
|a články z novín a časopisov
|2 snkbucl
|9 267496
|
| 773 |
0 |
|
|x 0139-7001
|t Šport
|g Roč. 56, č. 239 (14.10.2002), s. 4
|
| 850 |
|
|
|a Slovenská národná knižnica v Martine
|
| 852 |
|
|
|a SNK
|b KIS3GCP
|
| 999 |
|
|
|c 1764877
|d 1766807
|